006770000a2200193000450024501060000065000090010665000250011565000290014065000280016965100590019765100530025665100360030965100390034565300130038404100130039770000220041010000210043277300300045310aHuman impact on population of Chachalacas, Guans, and Curassows () in Venezuela14aAves14aHabitos alimentarios14aDispersión de semillas14aDisturbios antrópicos 4lParque Nacional GuatopodMiranda, GuáricopVenezuela 4lParque Nacional Henri PittierdAraguapVenezuela 4lHato JaguardYaracuipVenezuela 4lParque Nacional CanaimapVenezuela fCracidae0 aInglés1 aStrahl, Stuart D.1 aSilva, José L.1 tPreprint33q37-52d1988?